Débuts de chansons - années 2000 - Statistiques

Statistiques générales
  • Ce quiz a été pris 98 fois
  • Le résultat moyen est 7 sur 15
Statistiques - réponses
Hint Réponse % Correct
"Donne-moi ton cœur baby / ton corps baby" Femme Like U / K Maro
94%
"Alors ouais j'me la raconte ouais ouais je déconne" La boulette (génération nan nan) / Diam's
91%
"Toutes celles qui portent la franche à la Kate Moss" Ça m'énerve / Helmut Fritz
70%
"J'ai longtemps parcouru son corps / Effleuré cent fois son visage" Dernière danse / Kyo
67%
"Quand je serai grand je serai Bee Gees" Double je / Christophe Willem
60%
"Un SMS vient d'arriver / J'ai dix-huit ans" L'horloge tourne / Mickael Miro
60%
"Réveil matin quinze heures / J'me réveille comme une fleur" Désolé pour hier soir / Tryo
53%
"J'adore / Regarder danser les gens / J'y retourne souvent" Louxor j'adore / Philippe Katerine
45%
"Bras de bois / Des clés aux doigts / Des cordes pour tendons" Qui de nous deux / -M-
34%
"On ne choisit ni son origine ni sa couleur de peau" Face à la mer / Calogero, Passi
29%
"Ce n'est qu'une larme / Juste un reste du passé" J'aimerais tellement / Jena Lee
19%
"Je vends mon auto puisque je roule trop vite et que ça me fait peur" Rue de la paix / Zazie
13%
"C'est fou c'que le temps passe vite / T'as vu c'est c'que j'me dis aussi" Le bilan / Nèg' Marrons
12%
"À chacun de nos souffles au moindre murmure des bas fonds" À tout moment la rue / Eiffel
5%
"Le soir quand l'Italie est triste" Rimini / Les Wampas
3%
Aucun quiz correspondant
Distribution des résultats
% des personnes avec chaque résultat
Percentile par nombre de réponses
Votre historique - résultats
Vous n’avez pas pris ce quiz